| 000 | 00351nam a2200145Ia 4500 | ||
|---|---|---|---|
| 008 | 150201s2003 xx 000 0 und d | ||
| 082 |
_a611 _bH2003A |
||
| 100 | _aABRAHAMS | ||
| 245 | _aMACMINNS COLOUR ATLAS OF HUMAN ANATOMY | ||
| 250 | _a5TH | ||
| 260 |
_bMOSBY _aBARULONA (LONDON) _c2003 |
||
| 300 | _a1-378 | ||
| 650 | _aANATOMY | ||
| 942 |
_2ddc _cBK |
||
| 999 |
_c2476 _d2476 |
||